<?xml version="1.0" encoding="UTF-8"?>
<record
    xmlns:xsi="http://www.w3.org/2001/XMLSchema-instance"
    xsi:schemaLocation="http://www.loc.gov/MARC21/slim http://www.loc.gov/standards/marcxml/schema/MARC21slim.xsd"
    xmlns="http://www.loc.gov/MARC21/slim">

  <leader>01052nam a22002297a 4500</leader>
  <datafield tag="999" ind1=" " ind2=" ">
    <subfield code="c">6587</subfield>
    <subfield code="d">6587</subfield>
  </datafield>
  <controlfield tag="003">OSt</controlfield>
  <controlfield tag="005">20230404120941.0</controlfield>
  <controlfield tag="008">130715s2013    sp ||||| |||| 00| 0 cat d</controlfield>
  <datafield tag="040" ind1=" " ind2=" ">
    <subfield code="c">CDMR</subfield>
    <subfield code="b">cat</subfield>
  </datafield>
  <datafield tag="100" ind1="1" ind2=" ">
    <subfield code="9">3928</subfield>
    <subfield code="a">Dom&#xED;nguez Mart&#xED;n, Eva</subfield>
  </datafield>
  <datafield tag="245" ind1="1" ind2="0">
    <subfield code="a">Periodismo inmersivo</subfield>
    <subfield code="b">: fundamentos para una forma period&#xED;stica basada en la interfaz y la acci&#xF3;n </subfield>
    <subfield code="c">realitzada per Eva Dom&#xED;nguez Mart&#xED;n ; dirigida per Llu&#xED;s Pastor P&#xE9;rez ; tutoritzada per Pere Masip Masip</subfield>
    <subfield code="h">[recurs electr&#xF2;nic]</subfield>
  </datafield>
  <datafield tag="260" ind1=" " ind2=" ">
    <subfield code="c">2013</subfield>
    <subfield code="a">Barcelona</subfield>
  </datafield>
  <datafield tag="300" ind1=" " ind2=" ">
    <subfield code="a">302 p.</subfield>
  </datafield>
  <datafield tag="502" ind1=" " ind2=" ">
    <subfield code="a">Tesi doctoral defensada el 13 de mar&#xE7; de 2013 a la</subfield>
    <subfield code="c">Universitat Ramon Llull. FCCB - Comunicaci&#xF3;</subfield>
  </datafield>
  <datafield tag="650" ind1="0" ind2="4">
    <subfield code="9">2994</subfield>
    <subfield code="a">Tesis i dissertacions acad&#xE8;miques</subfield>
  </datafield>
  <datafield tag="650" ind1="0" ind2="0">
    <subfield code="9">4834</subfield>
    <subfield code="a">Periodisme immersiu</subfield>
  </datafield>
  <datafield tag="700" ind1="1" ind2=" ">
    <subfield code="9">3299</subfield>
    <subfield code="a">Pastor, Llu&#xED;s</subfield>
  </datafield>
  <datafield tag="700" ind1="1" ind2=" ">
    <subfield code="9">1265</subfield>
    <subfield code="a">Masip, Pere</subfield>
  </datafield>
  <datafield tag="710" ind1="2" ind2=" ">
    <subfield code="9">3392</subfield>
    <subfield code="a">Facultat de Ci&#xE8;ncies de la Comunicaci&#xF3; Blanquerna</subfield>
    <subfield code="b"> -- Facultat de Ci&#xE8;ncies de la Comunicaci&#xF3; Blanquerna</subfield>
  </datafield>
  <datafield tag="856" ind1="4" ind2="0">
    <subfield code="u">http://www.tdx.cat/handle/10803/108956</subfield>
    <subfield code="y">Disponible en l&#xED;nia (TDX)</subfield>
  </datafield>
  <datafield tag="942" ind1=" " ind2=" ">
    <subfield code="2">udc</subfield>
    <subfield code="c">TSN-E</subfield>
  </datafield>
  <datafield tag="952" ind1=" " ind2=" ">
    <subfield code="0">0</subfield>
    <subfield code="1">0</subfield>
    <subfield code="4">0</subfield>
    <subfield code="7">0</subfield>
    <subfield code="a">CDMR</subfield>
    <subfield code="b">CDMR</subfield>
    <subfield code="d">2013-07-15</subfield>
    <subfield code="l">0</subfield>
    <subfield code="p">CDMR13096907</subfield>
    <subfield code="r">2013-07-15</subfield>
    <subfield code="w">2013-07-15</subfield>
    <subfield code="y">TSN-E</subfield>
    <subfield code="z">Tesi dipositada a TDX (Tesis Doctorals en Xarxa)</subfield>
  </datafield>
</record>
